كراسات سياسية / (رقم التسجيلة. 180602)

تفاصيل مارك
000 -LEADER
fixed length control field 01005nasaa22002531i 4500
003 - EG-GICUS
control field EG-GICUS
005 - DATE AND TIME OF LATEST TRANSACTION
control field 20260623124433.0
008 - FIXED-LENGTH DATA ELEMENTS--GENERAL INFORMATION
fixed length control field 260623c20249999ua uu p 0 0ara d
040 ## - CATALOGING SOURCE
Original cataloging agency EG-GICUS
Language of cataloging ara
Transcribing agency EG-GICUS
Description conventions rda
041 ## - LANGUAGE CODE
Language code of text/sound track or separate title ara
043 ## - GEOGRAPHIC AREA CODE
Geographic area code aw-----
049 ## - LOCAL HOLDINGS (OCLC)
Acquisition Source إهداء
092 04 - LOCALLY ASSIGNED DEWEY CALL NUMBER (OCLC)
Classification number 320.9174927
Item number K9689
Edition number 21
099 ## - LOCAL FREE-TEXT CALL NUMBER (OCLC)
Classification number 320.9174927 K9689
245 00 - TITLE STATEMENT
Title كراسات سياسية /
Statement of responsibility, etc. المركز القومي لدراسات الشرق الاوسط.
264 #1 - PRODUCTION, PUBLICATION, DISTRIBUTION, MANUFACTURE, AND COPYRIGHT NOTICE
Place of production, publication, distribution, manufacture القاهرة :
Name of producer, publisher, distributor, manufacturer المركز القومي لدراسات الشرق الاوسط،
Date of production, publication, distribution, manufacture, or copyright notice 2024-
300 ## - PHYSICAL DESCRIPTION
Extent مجلد :
Other physical details ايضاحيات؛
Dimensions 27سم.
362 0# - DATES OF PUBLICATION AND/OR SEQUENTIAL DESIGNATION
Dates of publication and/or sequential designation العدد.1 (مارس 2024)-
541 ## - IMMEDIATE SOURCE OF ACQUISITION NOTE
Source of acquisition إهداء
Location القاهرة
Gift المركز القومي لدراسات الشرق الاوسط
651 #7 - SUBJECT ADDED ENTRY--GEOGRAPHIC NAME
Geographic name مصر
Form subdivision دوريات
General subdivision أحوال سياسية
Source of heading or term qramk
710 2# - ADDED ENTRY--CORPORATE NAME
Corporate name or jurisdiction name as entry element مركز القومي لدراسات الشرق الاوسط (مصر،القاهرة)
905 ## - LOCAL DATA ELEMENT E, LDE (RLIN)
Cataloger Abeer
Reviser Abeer
942 ## - ADDED ENTRY ELEMENTS (KOHA)
Suppress in OPAC No
Koha item type Continuing Resources
999 ## -
-- 180602
-- 180602

لا توجد مواد متاحة.

Cairo University Libraries Portal Implemented & Customized by: Eng. M. Mohamady Contacts: new-lib@cl.cu.edu.eg | cnul@cl.cu.edu.eg
CUCL logo CNUL logo
© All rights reserved — Cairo University Libraries
CUCL logo
Implemented & Customized by: Eng. M. Mohamady Contact: new-lib@cl.cu.edu.eg © All rights reserved — New Central Library
CNUL logo
Implemented & Customized by: Eng. M. Mohamady Contact: cnul@cl.cu.edu.eg © All rights reserved — Cairo National University Library